Znani polacy - Quiz obrazkowy - Statystyki

Ogólne statystyki
  • Ten quiz został rozwiązany 3 627 razy
  • Średni wynik to 11 z 18
Statystyki odpowiedzi
Obrazkowy Odpowiedź % Poprawnych
Mikołaj Kopernik
94%
Jan Paweł II
93%
Maria Skłodowska-Curie
92%
Robert Lewandowski
92%
Adam Małysz
88%
Lech Wałęsa
84%
Jarosław Kaczyński
83%
Józef Piłsudski
76%
Fryderyk Chopin
62%
Zbigniew Boniek
62%
Wisława Szymborska
61%
Agnieszka Radwańska
59%
Joanna Krupa
51%
Tadeusz Kościuszko
42%
Roman Polański
38%
Irena Szewińska
18%
Izabella Scorupco
9%
Krzysztof Kieślowski
6%
Nie znaleziono quizów pasujących do podanych kryteriów
Rozkład punktacji
Procent ludzi z każdym wynikiem
Percentyl według liczby udzielonych odpowiedzi
Twoja historia wyników
Nie rozwiązałeś tego quizu